000 00731nam a2200217Ii 4500
001 16041
003 CO-ViMGA
008 241108s9999||||xx |||||||||||||| ||und||
020 _a9789587115871
040 _aCO-ViMGA
_bspa
_erda
_cCO-ViMGA
041 0 _aunk
082 0 4 _a341.481 S27r
100 1 _aTomas Florentino Serrano Serrano
_957160
245 1 0 _aResponsabilidad por violación al derecho internacional humanitario
264 1 _a[Lugar de publicación no identificado] : Editorial Leyer, [Fecha de publicación no identificada]
300 _avolumen
336 _atext
_btxt
_2rdacontent
337 _aunmediated
_bn
_2rdamedia
338 _avolume
_bnc
_2rdacarrier
940 _aidficha_siabuc: 15711. -- ficha_no_siabuc:16041
999 _c55432
_d55432